00383nam a2200145Ia 4500100001600000942000700016654001500023245002900038260002700067082001400094300000800108546001200116999001700128952009200145 aSklar/Joel  cBK aweb design aPrinciples of Web design bThomsan Learningc2000 a4.65bSKL a288 aENGLISH c33077d33077 001040708CRCaCRCEbCRCEd2023-03-17l0o4.65 SKLp14209r2023-03-17w2023-03-17yBK